000
00270nam a22000977a 4500
008
250708b |||||||| |||| 00| 0 eng d
020
_a
9789381438725
100
_a
Hill Napoleon
_9
7560
245
_a
Think and Grow Rich
260
_a
New Delhi
_b
Little Scholar Pvt Limited
_c
2022
999
_c
12765
_d
12765